Environment and development : (Record no. 136507)

MARC details
000 -LEADER
fixed length control field 00643nam a22002057a 4500
010 ## - LIBRARY OF CONGRESS CONTROL NUMBER
LC control number A-700915
020 ## - INTERNATIONAL STANDARD BOOK NUMBER
International Standard Book Number 8170246059(Set)
035 ## - SYSTEM CONTROL NUMBER
System control number A-700915
037 ## - SOURCE OF ACQUISITION
Source of stock number/acquisition Cen Lib / Ret
040 ## - CATALOGING SOURCE
Original cataloging agency DPL
Language of cataloging EN
082 ## - DEWEY DECIMAL CLASSIFICATION NUMBER
Classification number 581.6
Item number GHO
100 ## - MAIN ENTRY--PERSONAL NAME
Personal name Ghosh, G. K.
245 ## - TITLE STATEMENT
Title Environment and development :
Remainder of title virtues of India's vegetations /
Statement of responsibility, etc by G. K. Ghosh
260 ## - PUBLICATION, DISTRIBUTION, ETC. (IMPRINT)
Place of publication, distribution, etc New Delhi
Name of publisher, distributor, etc Ashish Publishing House
Date of publication, distribution, etc 1994
270 ## - ADDRESS
Address 8/81, Punjabi Bagh
City New Delhi
Postal code 110026
300 ## - PHYSICAL DESCRIPTION
Extent (v 1. viii, 322 ; v 2. 613p)
Other physical details 24cm(Hb)
650 ## - SUBJECT ADDED ENTRY--TOPICAL TERM
Topical term or geographic name as entry element Plants, Useful -- India.
650 ## - SUBJECT ADDED ENTRY--TOPICAL TERM
Topical term or geographic name as entry element Botany -- India.
942 ## - ADDED ENTRY ELEMENTS (KOHA)
Source of classification or shelving scheme Dewey Decimal Classification
Koha item type English Books
Classification part 581.6
Call number suffix GHO
Holdings
Withdrawn status Lost status Materials specified (bound volume or other part) Damaged status Not for loan Home library Current library Date acquired Source of acquisition Total Checkouts Full call number Barcode Date last seen Date checked out Copy number Price effective from Koha item type
    v 1     Central Library Central Library 03/03/2016 Cen Lib/Ret 1 581.6 GHO A-700915 12/07/2022 22/06/2022 1 03/03/2016 English Books
    v 2     Central Library Central Library 12/03/2016 Cen Lib/Ret   581.6 GHO A-700916 12/03/2016   1 12/03/2016 English Books

© Delhi Public Library
Hit Counter
free hit counter